000 00393nam a2200157 i 4500
001 bg
100 1 _aBARBAG, Józef
245 0 _aGeografia ekonomiczna Stanów Zjednoczonych i Kanady /
_cJózef Barbag.
250 _aWyd.2 uzup.
260 _aWarszawa,
_c1982.
040 _cBPK
041 _apol
080 _a917.3+917.1::33
942 _cKS
008 s pl f |000 0 pol
999 _c20781
_d20781
856 _uhttp://koha.tu.koszalin.pl/cgi-bin/koha/opac-detail.pl?biblionumber=20781
_yKatalog online BPK